| 000 | 00727nam a2200241Ia 4500 | ||
|---|---|---|---|
| 003 | OSt | ||
| 005 | 20220927105029.0 | ||
| 006 | a|||||r|||| 00| 0 | ||
| 007 | ta | ||
| 008 | 220926b |||||||| |||| 00| 0 eng d | ||
| 024 | _a187475 | ||
| 037 | _cReference Collections | ||
| 040 |
_aRTL _cRTL _beng |
||
| 041 |
_2eng _aeng |
||
| 082 | _a"X9(D66).218.N60<-N45r, K0" | ||
| 110 |
_a"MYSORE KIRLOSKAR LIMITED, HARIHAR" _9369696 |
||
| 245 | 0 | _aAnnual report | |
| 260 |
_aMysore _bMysore kirloskar ltd. _c1960 |
||
| 300 |
_a12p _ccm. |
||
| 700 |
_a"MYSORE KIRLOSKAR LIMITED, HARIHAR" _9369697 |
||
| 942 |
_h"X9(D66).218.N60<-N45r, K0" _cCC |
||
| 999 |
_c690361 _d690361 |
||